[Event "Sunway Formentera op 3rd"]
[Site "Sant Ferran de ses Roques"]
[Date "2024.04.18"]
[Round "9"]
[White "Serikbay, Assel"]
[Black "Tsatsalashvili, Ketevan"]
[Result "1-0"]
[WhiteElo "2109"]
[BlackElo "2315"]
[PlyCount "83"]
[EventDate "2024.04.09"]
[EventType "swiss"]
[EventRounds "10"]
[EventCountry "ESP"]
[SourceTitle "CB17_2024"]
[SourceDate "2024.04.24"]
[SourceVersion "1"]
[SourceVersionDate "2024.04.24"]
[SourceQuality "1"]

1. d4 Nf6 2. c4 e6 3. g3 d5 4. Nf3 dxc4 5. Bg2 a6 6. 0-0 Nc6 7. e3 Bd7 8. Nbd2 b5 9. Ne5 Nd5 10. Nxd7 Qxd7 11. e4 Nb6 12. d5 Ne5 13. Bh3 h5 14. Nf3 Nxf3+ 15. Qxf3 0-0-0 16. Bg5 Re8 17. Rfd1 f5 18. dxe6 Qc6 19. Qxf5 Be7 20. Bxe7 Rxe7 21. e5 Kb8 22. Rd2 Ka7 23. Rad1 h4 24. Rd8 Rxd8 25. Rxd8 c3 26. Qc2 b4 27. bxc3 bxc3 28. Rd3 Nd5 29. Bg2 Nb4 30. Bxc6 Nxc2 31. Bd7 Kb6 32. f4 c5 33. Rxc3 Nd4 34. Kf2 hxg3+ 35. hxg3 g6 36. Ke3 Nf5+ 37. Ke4 Rh7 38. Be8 Ne7 39. Rb3+ Ka5 40. Rb7 c4 41. Bf7 Nf5 42. g4 1-0

[Event "Titled Tuesday intern op 02nd Apr Early"]
[Site "Chess.com INT"]
[Date "2024.04.02"]
[Round "7"]
[White "Piddubna, Bozhena"]
[Black "Tsatsalashvili, Ketevan"]
[Result "1/2-1/2"]
[WhiteElo "2005"]
[BlackElo "2315"]
[PlyCount "136"]
[EventDate "2024.04.02"]
[EventType "swiss (blitz)"]
[EventRounds "11"]
[EventCountry "USA"]
[SourceTitle "CB15_2024"]
[SourceDate "2024.04.10"]
[SourceVersion "1"]
[SourceVersionDate "2024.04.10"]
[SourceQuality "1"]

1. c4 e6 2. d4 Nf6 3. Nf3 b6 4. g3 Bb7 5. Bg2 Bb4+ 6. Bd2 Be7 7. 0-0 0-0 8. Nc3 d5 9. Ne5 Nbd7 10. Qa4 Nxe5 11. dxe5 Ne4 12. Nxe4 dxe4 13. Rfd1 Qe8 14. Qc2 Qc6 15. b4 b5 16. Rac1 Rfd8 17. cxb5 Qxc2 18. Rxc2 Bxb4 19. Rxc7 Bxd2 20. Rxb7 e3 21. f4 Rab8 22. Bc6 g5 23. fxg5 Rxb7 24. Bxb7 Kg7 25. h4 Rd4 26. Kg2 Ra4 27. Rb1 Rxa2 28. Rb3 Ba5 29. Rxe3 Bb6 30. Re4 Rb2 31. Bc6 Rc2 32. Kf3 a5 33. Rf4 Rc3+ 34. Kg2 Rc5 35. Be8 Rc7 36. h5 Re7 37. Bc6 Ra7 38. Ra4 Rc7 39. Kf3 Rc8 40. Kg4 Rd8 41. h6+ Kg8 42. Be4 Rd4 43. Rxd4 Bxd4 44. Kf4 a4 45. Bc2 a3 46. Bb3 Kf8 47. Ke4 Bb6 48. Kd3 Ke7 49. Kc4 Kd7 50. Kd3 Kc7 51. Ke4 Bf2 52. g4 Be1 53. g6 fxg6 54. Bxe6 Bd2 55. Kd3 Bxh6 56. Kc2 Bg7 57. Kb3 Bxe5 58. Bg8 h5 59. gxh5 gxh5 60. Kxa3 h4 61. Be6 Kb6 62. Kb4 Bd6+ 63. Kc4 Bc7 64. Bd7 Bd8 65. e4 Bc7 66. Kd5 h3 67. Bxh3 Kxb5 68. e5 Bxe5 1/2-1/2

[Event "Titled Tuesday intern op 02nd Apr Late"]
[Site "Chess.com INT"]
[Date "2024.04.02"]
[Round "3"]
[White "Tsatsalashvili, Ketevan"]
[Black "Hajiyev, Kanan"]
[Result "0-1"]
[WhiteElo "2315"]
[BlackElo "2099"]
[PlyCount "140"]
[EventDate "2024.04.02"]
[EventType "swiss (blitz)"]
[EventRounds "11"]
[EventCountry "USA"]
[SourceTitle "CB15_2024"]
[SourceDate "2024.04.10"]
[SourceVersion "1"]
[SourceVersionDate "2024.04.10"]
[SourceQuality "1"]

1. d4 c6 2. Nf3 d5 3. c4 Nf6 4. e3 a6 5. a4 Bf5 6. Nc3 e6 7. Qb3 Ra7 8. Be2 Bd6 9. 0-0 0-0 10. Bd2 Nbd7 11. cxd5 exd5 12. h3 a5 13. Rac1 Qb6 14. Qxb6 Nxb6 15. Nh4 Be4 16. f3 Bg6 17. Nxg6 hxg6 18. Bd3 Re8 19. g4 Bb4 20. Kf2 Bxc3 21. bxc3 Nxa4 22. c4 Nb2 23. Be2 Nxc4 24. Bxc4 dxc4 25. Rxc4 Nd5 26. Ra1 Rea8 27. Rca4 b6 28. Rc4 Ne7 29. Rca4 f5 30. Ke2 Kf7 31. Kd3 Ke6 32. e4 Rh8 33. Rb1 Rxh3 34. exf5+ gxf5 35. gxf5+ Kxf5 36. Rxb6 Rxf3+ 37. Ke2 Rh3 38. Rxa5+ Rxa5 39. Bxa5 Rh2+ 40. Kf3 Ra2 41. Be1 Ra3+ 42. Ke2 g5 43. Rb7 Nd5 44. Bd2 Nf4+ 45. Bxf4 gxf4 46. Rc7 Ra2+ 47. Kf3 Ra3+ 48. Kf2 Ra6 49. Kf3 Ra3+ 50. Kf2 Ke4 51. Rxc6 Ra2+ 52. Kf1 Kxd4 53. Rb6 Ke4 54. Rb3 Kf5 55. Kg1 Kg4 56. Kf1 Rc2 57. Kg1 Kf5 58. Kf1 Ke4 59. Ra3 Rd2 60. Kg1 Re2 61. Kf1 Re3 62. Ra4+ Kf3 63. Ra1 Rc3 64. Rb1 Kg3 65. Ra1 f3 66. Rb1 Rc2 67. Ra1 Rh2 68. Kg1 f2+ 69. Kf1 Rh1+ 70. Ke2 Rxa1 0-1

[Event "Titled Tuesday intern op 02nd Apr Late"]
[Site "Chess.com INT"]
[Date "2024.04.02"]
[Round "4"]
[White "Tsatsalashvili, Ketevan"]
[Black "Mathur, Rithwik"]
[Result "1-0"]
[WhiteElo "2315"]
[BlackElo "2111"]
[PlyCount "67"]
[EventDate "2024.04.02"]
[EventType "swiss (blitz)"]
[EventRounds "11"]
[EventCountry "USA"]
[SourceTitle "CB15_2024"]
[SourceDate "2024.04.10"]
[SourceVersion "1"]
[SourceVersionDate "2024.04.10"]
[SourceQuality "1"]

1. d4 Nf6 2. Nf3 d5 3. c4 e6 4. a3 a6 5. e3 Nbd7 6. Nc3 b6 7. cxd5 exd5 8. Bd3 Bb7 9. 0-0 Bd6 10. b3 0-0 11. Bb2 Qe7 12. b4 c5 13. bxc5 bxc5 14. dxc5 Nxc5 15. Bf5 g6 16. Bh3 Nce4 17. Nd4 Nxc3 18. Bxc3 Ne4 19. Bb2 Rab8 20. Qe2 f5 21. g3 Rfc8 22. Bxf5 gxf5 23. Nxf5 Qe6 24. Qg4+ Qg6 25. Nh6+ Kf8 26. Qf3+ Ke7 27. Nf5+ Kd7 28. Nxd6 Nxd6 29. Bd4 Nf5 30. Be5 d4 31. e4 Nh4 32. Qd3 Qxe4 33. Qxe4 Bxe4 34. gxh4 1-0

[Event "Titled Tuesday intern op 02nd Apr Early"]
[Site "Chess.com INT"]
[Date "2024.04.02"]
[Round "8"]
[White "Tsatsalashvili, Ketevan"]
[Black "Quirke, Jeffrey"]
[Result "1-0"]
[WhiteElo "2315"]
[BlackElo "1992"]
[PlyCount "37"]
[EventDate "2024.04.02"]
[EventType "swiss (blitz)"]
[EventRounds "11"]
[EventCountry "USA"]
[SourceTitle "CB15_2024"]
[SourceDate "2024.04.10"]
[SourceVersion "1"]
[SourceVersionDate "2024.04.10"]
[SourceQuality "1"]

1. d4 Nf6 2. Nf3 g6 3. c4 Bg7 4. Nc3 0-0 5. e4 d6 6. Be2 e5 7. 0-0 exd4 8. Nxd4 Re8 9. f3 c6 10. Kh1 Nbd7 11. Bf4 Nh5 12. Be3 Nc5 13. Qd2 Nf6 14. Rad1 a5 15. Bg5 a4 16. Nc2 h6 17. Bxh6 Bxh6 18. Qxh6 Qe7 19. Qf4 1-0

[Event "Titled Tuesday intern op 02nd Apr Early"]
[Site "Chess.com INT"]
[Date "2024.04.02"]
[Round "6"]
[White "Tsatsalashvili, Ketevan"]
[Black "Solovjov, Alexandr"]
[Result "0-1"]
[WhiteElo "2315"]
[BlackElo "2237"]
[PlyCount "154"]
[EventDate "2024.04.02"]
[EventType "swiss (blitz)"]
[EventRounds "11"]
[EventCountry "USA"]
[SourceTitle "CB15_2024"]
[SourceDate "2024.04.10"]
[SourceVersion "1"]
[SourceVersionDate "2024.04.10"]
[SourceQuality "1"]

1. d4 Nf6 2. Nf3 g6 3. c4 Bg7 4. Nc3 0-0 5. e4 d6 6. Be2 e5 7. 0-0 h6 8. d5 Nbd7 9. Qc2 a5 10. h3 Nc5 11. Be3 b6 12. a3 Nh5 13. b4 Nd7 14. c5 bxc5 15. bxc5 Nf4 16. cxd6 cxd6 17. Nb5 Nxe2+ 18. Qxe2 Ba6 19. a4 Nf6 20. Nd2 Nh5 21. g3 Qd7 22. Kg2 Rab8 23. Rab1 Rb7 24. Qc4 Rc8 25. Qd3 Rcb8 26. Nc4 Bxb5 27. axb5 Rxb5 28. Nxa5 Rxb1 29. Rxb1 Rxb1 30. Qxb1 f5 31. Nc6 f4 32. Bd2 fxg3 33. fxg3 Nf6 34. Qc2 Qb7 35. Nd8 Qb5 36. Be3 Qb4 37. Kf3 g5 38. Ne6 Qe1 39. Qc8+ Kh7 40. Qc2 Qh1+ 41. Ke2 Qg2+ 42. Bf2 Qxe4+ 43. Qxe4+ Nxe4 44. Ke1 Nxf2 45. Kxf2 Kg6 46. Ke3 Bf6 47. g4 Be7 48. Ke4 h5 49. Nc7 hxg4 50. hxg4 Kf7 51. Ne6 Ke8 52. Kf5 Kd7 53. Ng7 Kc7 54. Ke6 Bd8 55. Ne8+ Kb6 56. Nxd6 Kc5 57. Ne4+ Kd4 58. Nd6 e4 59. Nf5+ Kd3 60. d6 e3 61. Kd7 Ba5 62. Ng3 e2 63. Nxe2 Kxe2 64. Ke6 Kf3 65. d7 Kxg4 66. Ke7 Kf3 67. Kf7 g4 68. Ke8 g3 69. Kf7 g2 70. Kg6 g1Q+ 71. Kh7 Qd4 72. Kh6 Qxd7 73. Kg5 Qf7 74. Kh6 Qg8 75. Kh5 Kf4 76. Kh6 Kf5 77. Kh5 Qg5# 0-1

[Event "Titled Tuesday intern op 12th Mar Late"]
[Site "Chess.com INT"]
[Date "2024.03.12"]
[Round "7"]
[White "Acosta Villarroel, Lorner Justus"]
[Black "Tsatsalashvili, Ketevan"]
[Result "1-0"]
[WhiteElo "2168"]
[BlackElo "2315"]
[PlyCount "83"]
[EventDate "2024.03.12"]
[EventType "swiss (blitz)"]
[EventRounds "11"]
[EventCountry "USA"]
[SourceTitle "CB12_2024"]
[SourceDate "2023.10.01"]
[SourceVersion "1"]
[SourceVersionDate "2023.10.01"]
[SourceQuality "1"]

1. Nf3 Nf6 2. d4 d6 3. c3 g6 4. Bf4 Bg7 5. Nbd2 0-0 6. e4 Nbd7 7. h3 Re8 8. Be2 e5 9. dxe5 dxe5 10. Bh2 Qe7 11. Qc2 Nh5 12. 0-0 Nf4 13. Bc4 Nb6 14. Rfe1 Nxc4 15. Nxc4 b5 16. Ne3 c6 17. a4 bxa4 18. Rxa4 Be6 19. Rea1 Reb8 20. R1a3 Qd7 21. Ng5 Bf8 22. Nxe6 Bxa3 23. Rxa3 Qxe6 24. Bg3 a5 25. Kh2 Rd8 26. Ng4 h5 27. Ne3 Qd7 28. Nc4 Qc7 29. Ra4 Rd7 30. Qc1 Rad8 31. Nxe5 Qxe5 32. Bxf4 Qe6 33. Qe3 Rd3 34. Qc5 Qb3 35. Rxa5 Qxb2 36. Bg3 Qe2 37. Qg5 Qxe4 38. Ra7 Qe6 39. Re7 Qd5 40. Be5 Rd1 41. Qf6 Rh1+ 42. Kxh1 1-0

[Event "Titled Tuesday intern op 12th Mar Late"]
[Site "Chess.com INT"]
[Date "2024.03.12"]
[Round "1"]
[White "Albornoz Cabrera, Carlos Daniel"]
[Black "Tsatsalashvili, Ketevan"]
[Result "1-0"]
[WhiteElo "2603"]
[BlackElo "2315"]
[PlyCount "109"]
[EventDate "2024.03.12"]
[EventType "swiss (blitz)"]
[EventRounds "11"]
[EventCountry "USA"]
[SourceTitle "CB12_2024"]
[SourceDate "2023.10.01"]
[SourceVersion "1"]
[SourceVersionDate "2023.10.01"]
[SourceQuality "1"]

1. e4 c5 2. Nf3 d6 3. Bb5+ Bd7 4. Bxd7+ Nxd7 5. 0-0 g6 6. c3 Bg7 7. d4 Ngf6 8. Re1 d5 9. e5 Ne4 10. Nbd2 Nxd2 11. Bxd2 0-0 12. e6 fxe6 13. Rxe6 cxd4 14. cxd4 Nf6 15. Qb3 Kh8 16. Bb4 Re8 17. Rae1 Ne4 18. Ne5 Bxe5 19. Rxe5 e6 20. f3 Ng5 21. Qe3 h6 22. h4 Nf7 23. Rxe6 Rxe6 24. Qxe6 Kg7 25. Be7 Qb6 26. Qxd5 Rc8 27. h5 gxh5 28. Re6 Rc1+ 29. Kh2 Qc7+ 30. Bd6 Nxd6 31. Qe5+ Kf8 32. Rxd6 Rc6 33. Rxc6 Qxc6 34. Qxh5 Qd6+ 35. Qe5 Qa6 36. a3 Qb6 37. Qc5+ Qxc5 38. dxc5 Ke7 39. b4 Ke6 40. g4 Kd5 41. Kg3 Kc4 42. f4 a6 43. g5 hxg5 44. fxg5 Kb3 45. g6 Kxa3 46. g7 Kxb4 47. g8Q Kxc5 48. Kf3 a5 49. Ke3 Kb4 50. Kd3 b5 51. Qd5 a4 52. Kc2 Ka5 53. Qc5 Ka6 54. Kc3 a3 55. Qxa3+ 1-0

[Event "Titled Tuesday intern op 12th Mar Early"]
[Site "Chess.com INT"]
[Date "2024.03.12"]
[Round "4"]
[White "Gavrilov, Maxim"]
[Black "Tsatsalashvili, Ketevan"]
[Result "1-0"]
[WhiteElo "2167"]
[BlackElo "2315"]
[PlyCount "115"]
[EventDate "2024.03.12"]
[EventType "swiss (blitz)"]
[EventRounds "11"]
[EventCountry "USA"]
[SourceTitle "CB12_2024"]
[SourceDate "2023.10.01"]
[SourceVersion "1"]
[SourceVersionDate "2023.10.01"]
[SourceQuality "1"]

1. d4 Nf6 2. c4 e6 3. Nc3 d5 4. cxd5 exd5 5. Bg5 c6 6. e3 Bg4 7. Qc2 Be7 8. Bd3 Nbd7 9. h3 Bh5 10. Nge2 Bg6 11. Nf4 Bxd3 12. Nxd3 Ne4 13. Bf4 0-0 14. 0-0 Re8 15. Rab1 a5 16. a3 Bd6 17. Bxd6 Nxd6 18. Na4 Nc4 19. Rfc1 Qe7 20. Ra1 Qd6 21. Nac5 Nxc5 22. Nxc5 b6 23. b3 Nxe3 24. fxe3 bxc5 25. dxc5 Qh6 26. Kh1 Rxe3 27. b4 axb4 28. axb4 Rae8 29. Qf5 g6 30. Qf6 R3e6 31. Qf2 Re2 32. Qf6 R2e6 33. Qd4 Qg5 34. Rf1 Re2 35. Qg4 Qxg4 36. hxg4 R2e4 37. Ra7 Rf8 38. Rb7 Rxg4 39. Rf6 Rc4 40. Rxc6 Rf4 41. b5 Re8 42. Rd6 Re1+ 43. Kh2 g5 44. Rxd5 h6 45. c6 Rh4+ 46. Kg3 Re3+ 47. Kf2 Rhe4 48. Rd2 Rb3 49. c7 Rf4+ 50. Ke2 Re4+ 51. Kd1 Rb1+ 52. Kc2 Rbb4 53. c8Q+ Kg7 54. Qc3+ Kg6 55. Rb6+ Kh5 56. g4+ Kxg4 57. Rg2+ Kh5 58. Qh3+ 1-0

[Event "Titled Tuesday intern op 12th Mar Late"]
[Site "Chess.com INT"]
[Date "2024.03.12"]
[Round "3"]
[White "Mihelic, Vesna"]
[Black "Tsatsalashvili, Ketevan"]
[Result "0-1"]
[WhiteElo "2140"]
[BlackElo "2315"]
[PlyCount "70"]
[EventDate "2024.03.12"]
[EventType "swiss (blitz)"]
[EventRounds "11"]
[EventCountry "USA"]
[SourceTitle "CB12_2024"]
[SourceDate "2023.10.01"]
[SourceVersion "1"]
[SourceVersionDate "2023.10.01"]
[SourceQuality "1"]

1. e4 c5 2. Nf3 d6 3. d4 cxd4 4. Qxd4 Nc6 5. Bb5 Bd7 6. Qd3 h6 7. c4 e5 8. Nc3 Nf6 9. 0-0 a6 10. Bxc6 bxc6 11. c5 Bg4 12. Rd1 dxc5 13. Qxd8+ Rxd8 14. Rxd8+ Kxd8 15. Nxe5 Be6 16. Nxc6+ Kc7 17. Ne5 Bd6 18. Nf3 Ng4 19. h3 Ne5 20. Nxe5 Bxe5 21. Be3 Rb8 22. Na4 c4 23. Rb1 Rb4 24. Nc5 Rxb2 25. Nxa6+ Kc6 26. Rc1 Kb5 27. Nc5 Rxa2 28. Nxe6 fxe6 29. f4 Bb2 30. Rc2 c3 31. f5 exf5 32. exf5 Kc4 33. g4 Kd3 34. Rg2 Kxe3 35. g5 hxg5 0-1

[Event "Titled Tuesday intern op 12th Mar Late"]
[Site "Chess.com INT"]
[Date "2024.03.12"]
[Round "4"]
[White "Tsatsalashvili, Ketevan"]
[Black "Ilkhomi, Jaloliddin"]
[Result "1-0"]
[WhiteElo "2315"]
[BlackElo "2131"]
[PlyCount "97"]
[EventDate "2024.03.12"]
[EventType "swiss (blitz)"]
[EventRounds "11"]
[EventCountry "USA"]
[SourceTitle "CB12_2024"]
[SourceDate "2023.10.01"]
[SourceVersion "1"]
[SourceVersionDate "2023.10.01"]
[SourceQuality "1"]

1. d4 Nf6 2. Nf3 e6 3. c4 b6 4. Nc3 Bb7 5. Bg5 Be7 6. g3 Ne4 7. Bxe7 Qxe7 8. Nxe4 Bxe4 9. Bg2 0-0 10. 0-0 f5 11. Nd2 Bxg2 12. Kxg2 d6 13. Qc2 Nd7 14. e4 f4 15. f3 e5 16. Nb3 Qg5 17. g4 h5 18. h3 Rf6 19. c5 bxc5 20. dxc5 Nxc5 21. Nxc5 dxc5 22. Qxc5 Rb8 23. Qf2 Rfb6 24. b3 Rd6 25. Rfd1 Rbd8 26. Rxd6 Rxd6 27. Rc1 Qd8 28. Rc2 Rd3 29. Qe2 hxg4 30. hxg4 Rd1 31. Qc4+ Kh7 32. Qf7 Rd2+ 33. Rxd2 Qxd2+ 34. Kh3 Qd6 35. g5 Qg6 36. Qf5 a5 37. Kg4 Qxf5+ 38. Kxf5 c5 39. Kxe5 Kg6 40. Kxf4 a4 41. Kg4 Kf7 42. f4 Ke6 43. g6 Kf6 44. f5 Ke5 45. Kf3 a3 46. Ke3 Kf6 47. Kf4 c4 48. bxc4 Ke7 49. e5 1-0

[Event "Titled Tuesday intern op 13th Feb Late"]
[Site "Chess.com INT"]
[Date "2024.02.13"]
[Round "8"]
[White "Banerjee, Supratit"]
[Black "Tsatsalashvili, Ketevan"]
[Result "1-0"]
[WhiteElo "2137"]
[BlackElo "2315"]
[PlyCount "107"]
[EventDate "2024.02.13"]
[EventType "swiss (blitz)"]
[EventRounds "11"]
[EventCountry "USA"]
[SourceTitle "CB08_2024"]
[SourceDate "2024.02.21"]
[SourceVersion "1"]
[SourceVersionDate "2024.02.21"]
[SourceQuality "1"]

1. e4 c5 2. c3 Nf6 3. e5 Nd5 4. d4 e6 5. Nf3 Nc6 6. Bc4 cxd4 7. cxd4 d6 8. 0-0 dxe5 9. dxe5 Nb6 10. Qxd8+ Nxd8 11. Bb5+ Bd7 12. Nc3 a6 13. Bxd7+ Nxd7 14. Be3 Bc5 15. Bxc5 Nxc5 16. b4 Nd7 17. Rad1 Nc6 18. Ne4 Ndxe5 19. Nxe5 Nxe5 20. Nd6+ Ke7 21. Nxb7 Rhb8 22. Nc5 Rxb4 23. Rfe1 Rd8 24. Rxd8 Kxd8 25. h3 Nc6 26. Rd1+ Ke8 27. Nxa6 Ra4 28. Nc5 Rxa2 29. Rd6 Nb4 30. Rb6 Nd5 31. Rb8+ Ke7 32. Rb7+ Kd6 33. Ne4+ Ke5 34. Ng5 f6 35. Nxh7 g5 36. Nf8 Nf4 37. Rb5+ Ke4 38. Rb4+ Kf5 39. Rb1 e5 40. Rb4 g4 41. hxg4+ Kg5 42. Nh7+ Kg6 43. Nf8+ Kg5 44. Nh7+ Kg6 45. Rb7 Nd3 46. Nf8+ Kg5 47. Rg7+ Kf4 48. Ng6+ Ke4 49. f3+ Ke3 50. Ne7 Ra1+ 51. Kh2 Ra2 52. Nd5+ Kd4 53. Nxf6 Ne1 54. Rd7+ 1-0

[Event "Titled Tuesday intern op 13th Feb Late"]
[Site "Chess.com INT"]
[Date "2024.02.13"]
[Round "3"]
[White "Floresvillar Gonzalez, Luis Miguel"]
[Black "Tsatsalashvili, Ketevan"]
[Result "0-1"]
[WhiteElo "2019"]
[BlackElo "2315"]
[PlyCount "106"]
[EventDate "2024.02.13"]
[EventType "swiss (blitz)"]
[EventRounds "11"]
[EventCountry "USA"]
[SourceTitle "CB08_2024"]
[SourceDate "2024.02.21"]
[SourceVersion "1"]
[SourceVersionDate "2024.02.21"]
[SourceQuality "1"]

1. e4 c5 2. d4 cxd4 3. c3 dxc3 4. Nxc3 Nc6 5. Nf3 a6 6. Bc4 e6 7. 0-0 Nge7 8. Bg5 f6 9. Be3 Ng6 10. h4 Be7 11. h5 Nge5 12. Nxe5 Nxe5 13. Bb3 0-0 14. f4 Nf7 15. Qg4 Qe8 16. Rae1 Nh6 17. Qg3 f5 18. Bd4 Bf6 19. Bc5 Qxh5 20. Bxf8 Bd4+ 21. Rf2 Ng4 22. Nd1 Kxf8 23. exf5 Qxf5 24. Kf1 Nxf2 25. Nxf2 Bxf2 26. Qxf2 b6 27. Bc2 Qf6 28. Bxh7 g6 29. f5 gxf5 30. Qxb6 Kg7 31. Bxf5 Qxf5+ 32. Kg1 Qd5 33. Re3 Bb7 34. Rg3+ Kf7 35. Qf2+ Qf5 36. Qd4 Qf6 37. Qxd7+ Kf8 38. Qxb7 Qd4+ 39. Kh2 Qh4+ 40. Rh3 Qf4+ 41. g3 Qf2+ 42. Qg2 Qxg2+ 43. Kxg2 Kg7 44. Rh4 Rd8 45. Rb4 Rd3 46. Rb6 Kf6 47. Rxa6 Rd2+ 48. Kf3 Rxb2 49. Kf4 Rb1 50. g4 Rf1+ 51. Kg3 Ra1 52. Kf4 Rf1+ 53. Kg3 Ra1 0-1

[Event "Titled Tuesday intern op 13th Feb Early"]
[Site "Chess.com INT"]
[Date "2024.02.13"]
[Round "6"]
[White "Joel Paul, Ganta"]
[Black "Tsatsalashvili, Ketevan"]
[Result "1/2-1/2"]
[WhiteElo "1989"]
[BlackElo "2315"]
[PlyCount "94"]
[EventDate "2024.02.13"]
[EventType "swiss (blitz)"]
[EventRounds "11"]
[EventCountry "USA"]
[SourceTitle "CB08_2024"]
[SourceDate "2024.02.21"]
[SourceVersion "1"]
[SourceVersionDate "2024.02.21"]
[SourceQuality "1"]

1. d4 Nf6 2. c4 e6 3. Nf3 d5 4. Nc3 Bb4 5. Qa4+ Nc6 6. a3 Bxc3+ 7. bxc3 h6 8. e3 0-0 9. Bd3 Qe7 10. Bb2 a6 11. Qc2 dxc4 12. Bxc4 e5 13. h3 exd4 14. cxd4 Na5 15. Bd3 Be6 16. 0-0 b5 17. Ne5 Rac8 18. e4 c5 19. d5 Bd7 20. Nxd7 Nxd7 21. Qc3 Qf6 22. e5 Qb6 23. Bf5 Rfd8 24. e6 Nf6 25. exf7+ Kxf7 26. Be6+ Kf8 27. Qg3 Nc4 28. Bxf6 gxf6 29. Qg8+ Ke7 30. Qf7+ Kd6 31. Bxc8 Rxc8 32. Qxf6+ Kc7 33. Qf7+ Kb8 34. Rae1 Nd2 35. Re6 Qa5 36. Rd1 Nc4 37. Re7 Qb6 38. Rde1 Nd6 39. Qh7 Rd8 40. R1e6 c4 41. Rd7 Rf8 42. Qe7 Qxf2+ 43. Kh2 Qf4+ 44. Kh1 Qf1+ 45. Kh2 Qf4+ 46. Kh1 Qf1+ 47. Kh2 Qf4+ 1/2-1/2

[Event "Titled Tuesday intern op 13th Feb Late"]
[Site "Chess.com INT"]
[Date "2024.02.13"]
[Round "7"]
[White "Martine, Jean Christophe"]
[Black "Tsatsalashvili, Ketevan"]
[Result "0-1"]
[WhiteElo "1985"]
[BlackElo "2315"]
[PlyCount "84"]
[EventDate "2024.02.13"]
[EventType "swiss (blitz)"]
[EventRounds "11"]
[EventCountry "USA"]
[SourceTitle "CB08_2024"]
[SourceDate "2024.02.21"]
[SourceVersion "1"]
[SourceVersionDate "2024.02.21"]
[SourceQuality "1"]

1. d4 Nf6 2. Nd2 d5 3. Ngf3 Bf5 4. e3 c6 5. c4 e6 6. Qb3 Qb6 7. c5 Qc7 8. Bd3 Bg6 9. 0-0 Nbd7 10. Qc3 Be7 11. b4 0-0 12. Bb2 Rfe8 13. a4 Bf8 14. Bxg6 hxg6 15. Rfe1 Ne4 16. Nxe4 dxe4 17. Nd2 f5 18. f3 exf3 19. Nxf3 Nf6 20. Qc4 Nd5 21. e4 fxe4 22. Rxe4 Qf7 23. Rae1 Nf4 24. Ng5 Qf5 25. Nxe6 Nd5 26. Re5 Qg4 27. Nc7 Rxe5 28. Rxe5 Qd1+ 29. Kf2 Qd2+ 30. Re2 Qf4+ 31. Kg1 Qxc7 32. b5 Rd8 33. Qd3 Qf7 34. Rf2 Qe6 35. Qf3 Qe1+ 36. Rf1 Qe3+ 37. Qxe3 Nxe3 38. Rf3 Nf5 39. bxc6 bxc6 40. Rd3 Bxc5 41. g4 Nxd4 42. Kg2 Ne6 0-1

[Event "Titled Tuesday intern op 13th Feb Early"]
[Site "Chess.com INT"]
[Date "2024.02.13"]
[Round "3"]
[White "Toman, Ondrej"]
[Black "Tsatsalashvili, Ketevan"]
[Result "1-0"]
[WhiteElo "2276"]
[BlackElo "2315"]
[PlyCount "79"]
[EventDate "2024.02.13"]
[EventType "swiss (blitz)"]
[EventRounds "11"]
[EventCountry "USA"]
[SourceTitle "CB08_2024"]
[SourceDate "2024.02.21"]
[SourceVersion "1"]
[SourceVersionDate "2024.02.21"]
[SourceQuality "1"]

1. d4 Nf6 2. Bg5 c5 3. d5 Qb6 4. Nc3 g6 5. e4 d6 6. Rb1 Bg7 7. Nf3 0-0 8. Nd2 Nbd7 9. Be2 h6 10. Be3 Ne5 11. h3 Qc7 12. 0-0 g5 13. Nc4 Nxc4 14. Bxc4 a6 15. a4 Bd7 16. f4 gxf4 17. Bxf4 b5 18. axb5 axb5 19. Bxb5 Nxe4 20. Nxe4 Bxb5 21. Rf3 f5 22. Ng3 Be8 23. c3 Bg6 24. Qd2 Kh7 25. Re1 Ra2 26. Rfe3 Rf7 27. h4 h5 28. Re6 Qb7 29. Qe2 Rxb2 30. Qf3 Rb3 31. Rxg6 Rxc3 32. Qxh5+ Kg8 33. Nxf5 c4 34. Nh6+ Kf8 35. Nxf7 Qb6+ 36. Kh1 Qd4 37. Rxg7 Kxg7 38. Bh6+ Kg8 39. Qg6+ Qg7 40. Qxg7# 1-0

[Event "Titled Tuesday intern op 13th Feb Late"]
[Site "Chess.com INT"]
[Date "2024.02.13"]
[Round "1"]
[White "Tsatsalashvili, Ketevan"]
[Black "Bacrot, Etienne"]
[Result "0-1"]
[WhiteElo "2315"]
[BlackElo "2683"]
[PlyCount "74"]
[EventDate "2024.02.13"]
[EventType "swiss (blitz)"]
[EventRounds "11"]
[EventCountry "USA"]
[SourceTitle "CB08_2024"]
[SourceDate "2024.02.21"]
[SourceVersion "1"]
[SourceVersionDate "2024.02.21"]
[SourceQuality "1"]

1. d4 d5 2. Nf3 Nf6 3. e3 b6 4. Bd3 Bb7 5. b3 e6 6. 0-0 Nbd7 7. Bb2 Bd6 8. Ne5 0-0 9. Nd2 Ne4 10. f3 Nxd2 11. Qxd2 Nb8 12. f4 f6 13. Nf3 c5 14. c4 Nd7 15. Rad1 Qe7 16. Qc2 f5 17. Ne5 Nf6 18. cxd5 Bxd5 19. Qe2 Rac8 20. Ba6 Rc7 21. Ba3 Ne4 22. Rc1 cxd4 23. Bxd6 Qxd6 24. exd4 Ba8 25. Rxc7 Qxc7 26. Qb2 Qd6 27. Rd1 Rd8 28. a3 Nf6 29. b4 Ng4 30. Be2 Ne3 31. Rd3 Nxg2 32. Qd2 Nh4 33. Qe1 Qd5 34. Nf3 Ng6 35. Qd2 Qe4 36. Qe3 Nxf4 37. Qxe4 fxe4 0-1

[Event "World-chT Rapid"]
[Site "Dusseldorf"]
[Date "2023.08.28"]
[Round "11"]
[White "Tsatsalashvili, Ketevan"]
[Black "Paehtz, Elisabeth"]
[Result "0-1"]
[WhiteElo "2315"]
[BlackElo "2471"]
[PlyCount "134"]
[EventDate "2023.08.26"]
[EventType "team-swiss (rapid)"]
[EventRounds "12"]
[EventCountry "GER"]
[SourceTitle "CBM 215 Extra"]
[Source "ChessBase"]
[SourceDate "2023.09.30"]
[SourceVersion "1"]
[SourceVersionDate "2023.09.30"]
[SourceQuality "1"]
[WhiteTeam "Kompetenzakademie Allstars"]
[BlackTeam "Berlin Chess Federation"]
[WhiteTeamCountry "GER"]
[BlackTeamCountry "GER"]

1. d4 e6 2. c4 b6 3. Nf3 Bb7 4. g3 Bb4+ 5. Nbd2 Bxf3 6. exf3 Nf6 7. Bg2 Nc6 8. a3 Be7 9. Nb1 d5 10. f4 Qd7 11. Nc3 0-0 12. cxd5 exd5 13. 0-0 Na5 14. b3 c6 15. Bd2 Nb7 16. Re1 Rfe8 17. Qc2 Bf8 18. a4 a5 19. Re5 Bd6 20. Ree1 Bc7 21. Rac1 Rxe1+ 22. Rxe1 Nd6 23. Bc1 Nf5 24. Rd1 Bd6 25. Qd3 h5 26. Re1 g6 27. Nb1 Re8 28. Rxe8+ Qxe8 29. Bd2 Qe7 30. Nc3 Bb4 31. Bh3 Ng4 32. Bf1 Qe6 33. h3 Nf6 34. Bg2 Nd6 35. Ne2 Qf5 36. Qxf5 Nxf5 37. Bc1 Kf8 38. Bb2 Bd2 39. Kf1 Ke7 40. Ng1 Ne4 41. Ke2 Bb4 42. Nf3 f6 43. g4 Ng7 44. Ne1 Ne6 45. Nd3 hxg4 46. hxg4 Nc3+ 47. Bxc3 Bxc3 48. Kd1 Bxd4 49. Kc2 Kd6 50. Bf1 c5 51. f5 gxf5 52. gxf5 Ng5 53. Bg2 Ne4 54. f3 Ng3 55. Bh3 Be3 56. Bg4 c4 57. bxc4 dxc4 58. Nb2 Kc5 59. f4 Bxf4 60. Bf3 Nxf5 61. Bh5 Be5 62. Nd1 Nd4+ 63. Kd2 Kb4 64. Bf7 Nb3+ 65. Kc2 Bd4 66. Be6 Nc5 67. Bd5 Nxa4 0-1